Statistics for History of Russia Part 3

Click here to take the quiz!

General Stats

  • This quiz has been taken 15 times
  • The average score is 10 of 16

Answer Stats

HintYearAnswer% Correct
What did Catherine II annex?1783 ADCrimea
100%
What Country did Russia, Prussia and Austria Partition?1795 ADPoland
100%
Who was the Successor of the above?1801 ADAlexander I
80%
Who was the Successor of Nicholas I?1855 ADAlexander II
80%
The above sent an army to which Country to stop the Hungarian Revolt?1848 ADAustria
80%
What did Russia gain from Sweden in 1809?1809 ADFinland
80%
In 1807, the above and who met together and made an alliance?1807 ADNapoleon
80%
Who was the Succesor of Alexander I?1825 ADNicholas I
70%
In what city did Russian and French soldiers fight?1812 ADBorodino
60%
The above lost which war?1856 ADCrimean War
60%
What was founded in 1762? (Hint: Theatre)1762 ADBolshoi Theatre
50%
According to the Congress of Vienna, Russia gains what?1815 ADCongress Poland
30%
What was the new name for the above?1783 ADNovorossiya
30%
Who was the Successor of Catherine the Great?1796 ADPaul
30%
What were Germans known in the Volga Region?1764 ADVolga Germans
30%
What was Catherine horrified by?1793 ADFrench Revolution
20%

Score Distribution

Percentile by Number Answered

Percent of People with Each Score

Your Score History

You have not taken this quiz